[Event "Arvier Grand Paradis op-B"]
[Site "Arvier"]
[Date "2016.07.26"]
[Round "3"]
[White "Piazza, Giacomo"]
[Black "Vinciguerra, Riccardo"]
[Result "1-0"]
[WhiteElo "1504"]
[BlackElo "1511"]
[PlyCount "97"]
[EventDate "2016.07.24"]
[EventType "swiss"]
[EventRounds "6"]
[EventCountry "ITA"]
[SourceTitle "EXT 2017"]
[Source "ChessBase"]
[SourceDate "2016.10.25"]
[SourceVersion "1"]
[SourceVersionDate "2016.10.25"]
[SourceQuality "1"]

1. e4 d5 2. exd5 Qxd5 3. Nc3 Qd6 4. d3 Nf6 5. g3 c6 6. Bg2 Bg4 7. f3 Bf5 8. Nge2 e6 9. 0-0 Be7 10. Qe1 0-0 11. Bd2 Re8 12. Rd1 Bg6 13. Kh1 Qd8 14. Nf4 Bf5 15. Ne4 Nbd7 16. Bc3 Nd5 17. Bd2 N7f6 18. c4 Nxf4 19. Bxf4 Bg6 20. b4 Qd4 21. c5 Rad8 22. Nd6 Bxd6 23. cxd6 Nd5 24. Be5 Qb6 25. d4 Rd7 26. a3 Qb5 27. g4 Qa4 28. Ra1 Qb3 29. Rf2 Ne3 30. Qc1 Qd5 31. Qxe3 a5 32. bxa5 Qxa5 33. h4 f6 34. Bg3 Bf7 35. Rc2 Qa4 36. Rb2 Qa5 37. Rc1 e5 38. dxe5 fxe5 39. Rc5 Qa7 40. Qc3 Rxd6 41. Kh2 h6 42. Rxe5 Rxe5 43. Bxe5 Rd1 44. Rd2 Qg1+ 45. Kh3 Rc1 46. Rd8+ Kh7 47. Qd3+ Bg6 48. Qd7 Rc2 49. Qxg7# 1-0

[Event "Arco Christmas op 6th"]
[Site "Arco"]
[Date "2015.12.29"]
[Round "6"]
[White "Vinciguerra, Riccardo"]
[Black "Petragnani, Gian Giacomo"]
[Result "1/2-1/2"]
[WhiteElo "1567"]
[BlackElo "1704"]
[PlyCount "50"]
[EventDate "2015.12.26"]
[EventType "swiss"]
[EventRounds "7"]
[EventCountry "ITA"]
[SourceTitle "CBM 170 Extra"]
[Source "ChessBase"]
[SourceDate "2016.02.25"]
[SourceVersion "1"]
[SourceVersionDate "2016.02.25"]
[SourceQuality "1"]

1. d4 b6 2. Bf4 Bb7 3. e3 e6 4. Nd2 f5 5. Ngf3 Nf6 6. c3 Be7 7. h3 0-0 8. Bd3 d6 9. Qb3 d5 10. Ne5 Nbd7 11. Ndf3 a6 12. Ng5 c5 13. dxc5 Nxc5 14. Qc2 Nxd3+ 15. Qxd3 Bc8 16. Nc6 Qd7 17. Nxe7+ Qxe7 18. Be5 Nd7 19. Nf3 Bb7 20. Qd4 Rac8 21. b3 Nxe5 22. Nxe5 Rfd8 23. 0-0 Qc5 24. Rfc1 Qb5 25. Qd3 Qxd3 1/2-1/2

[Event "Arco op"]
[Site "Arco"]
[Date "2011.12.28"]
[Round "5"]
[White "De Nisi, Roberta"]
[Black "Vinciguerra, Riccardo"]
[Result "1-0"]
[WhiteElo "1910"]
[BlackElo "1589"]
[PlyCount "101"]
[EventDate "2011.12.26"]
[EventType "swiss"]
[EventRounds "7"]
[EventCountry "ITA"]
[SourceTitle "EXT 2023"]
[Source "ChessBase"]
[SourceDate "2022.10.05"]
[SourceVersion "1"]
[SourceVersionDate "2022.10.05"]
[SourceQuality "1"]

1. d4 Nf6 2. c4 g6 3. Nc3 Bg7 4. e4 d6 5. f3 0-0 6. Be3 Re8 7. Qd2 Nbd7 8. Nge2 a6 9. g4 c5 10. Ng3 cxd4 11. Bxd4 e5 12. Be3 Nf8 13. 0-0-0 Re6 14. g5 Ne8 15. Nd5 Nc7 16. Bb6 Re7 17. Nxe7+ Qxe7 18. Bxc7 Qxc7 19. Qxd6 Qa5 20. Kb1 Be6 21. Qd2 Qc5 22. b4 Qc6 23. Rc1 Qa4 24. Be2 Nd7 25. Bd1 Qa3 26. Qc3 Qxc3 27. Rxc3 f5 28. gxf6 Bxf6 29. Bb3 Nb6 30. Rd1 Be7 31. c5 Bxb3 32. axb3 Rc8 33. Rcd3 Na8 34. Rd7 Bg5 35. Rxb7 Nc7 36. Rd7 Ne6 37. Ne2 h5 38. Rd6 Nf8 39. Rxa6 Rd8 40. Rd6 Re8 41. c6 Be7 42. Rd5 Bxb4 43. Rxb4 Kg7 44. Rb7+ Kf6 45. h4 Rc8 46. c7 Ne6 47. Rd6 Ke7 48. Rxe6+ Kxe6 49. Rb6+ Kf7 50. Rc6 Kg7 51. b4 1-0

[Event "Arco op"]
[Site "Arco"]
[Date "2011.12.27"]
[Round "3"]
[White "Engl, Alexander"]
[Black "Vinciguerra, Riccardo"]
[Result "0-1"]
[WhiteElo "1497"]
[BlackElo "1589"]
[PlyCount "101"]
[EventDate "2011.12.26"]
[EventType "swiss"]
[EventRounds "7"]
[EventCountry "ITA"]
[SourceTitle "EXT 2023"]
[Source "ChessBase"]
[SourceDate "2022.10.05"]
[SourceVersion "1"]
[SourceVersionDate "2022.10.05"]
[SourceQuality "1"]

1. f4 b6 2. Nf3 Bb7 3. e3 Nf6 4. Be2 d6 5. 0-0 g6 6. d4 Bg7 7. c4 0-0 8. Nc3 a6 9. Qc2 Nbd7 10. e4 c5 11. d5 Re8 12. Bd2 e5 13. fxe5 Nxe5 14. Nxe5 Rxe5 15. Rf3 Qe8 16. Bf4 Rxe4 17. Nxe4 Nxe4 18. Bd3 f5 19. Bxe4 fxe4 20. Re3 Bd4 21. Rae1 Qe7 22. Kh1 Bxe3 23. Rxe3 Re8 24. Qf2 Qf6 25. h3 h6 26. Bg3 Qf5 27. Qf4 Qxf4 28. Bxf4 b5 29. b3 bxc4 30. bxc4 a5 31. Bxd6 Ba6 32. Rb3 e3 33. Bg3 e2 34. Be1 Rf8 35. Rf3 Rxf3 36. gxf3 a4 37. Kg2 Bxc4 38. a3 Kf7 39. d6 Ke6 40. Bg3 Bb5 41. Kf2 Kd5 42. Ke1 c4 43. Kd2 Kd4 44. Bf2+ Ke5 45. Bg3+ Kf5 46. d7 Bxd7 47. Kxe2 Be6 48. Kd2 g5 49. Kc3 h5 50. Kb4 g4 51. hxg4+ 0-1

[Event "Arco op"]
[Site "Arco"]
[Date "2011.12.26"]
[Round "1"]
[White "Petragnani, Alessandro"]
[Black "Vinciguerra, Riccardo"]
[Result "1/2-1/2"]
[WhiteElo "1924"]
[BlackElo "1589"]
[PlyCount "66"]
[EventDate "2011.12.26"]
[EventType "swiss"]
[EventRounds "7"]
[EventCountry "ITA"]
[SourceTitle "EXT 2023"]
[Source "ChessBase"]
[SourceDate "2022.10.05"]
[SourceVersion "1"]
[SourceVersionDate "2022.10.05"]
[SourceQuality "1"]

1. c4 Nf6 2. g3 g6 3. Bg2 Bg7 4. Nc3 0-0 5. d3 d6 6. Nf3 c5 7. Rb1 Nc6 8. a3 Rb8 9. 0-0 a6 10. Ne1 e5 11. Bg5 h6 12. Bxf6 Bxf6 13. e3 Be6 14. Nc2 Qc8 15. Nd5 Bxd5 16. Bxd5 Ne7 17. Bg2 Bg7 18. b4 b6 19. Qd2 Rd8 20. e4 Nc6 21. f4 exf4 22. Qxf4 Ne5 23. Rbd1 Qg4 24. Rd2 Qxf4 25. gxf4 Nc6 26. e5 Ne7 27. exd6 Rxd6 28. Kh1 Nf5 29. Be4 Nd4 30. Nxd4 Bxd4 31. Rg2 Kg7 32. h4 Rf8 33. f5 Rf6 1/2-1/2

[Event "Robecchetto op-B 19th"]
[Site "Robecchetto"]
[Date "2008.12.27"]
[Round "1"]
[White "Torretta, Gilberto"]
[Black "Vinciguerra, Riccardo"]
[Result "1/2-1/2"]
[WhiteElo "1765"]
[BlackElo "1523"]
[PlyCount "63"]
[EventDate "2008.12.27"]
[EventType "swiss"]
[EventRounds "6"]
[EventCountry "ITA"]
[SourceTitle "EXT 2011"]
[Source "ChessBase"]
[SourceDate "2010.11.26"]
[SourceVersion "1"]
[SourceVersionDate "2010.11.26"]
[SourceQuality "1"]

1. e4 d5 2. exd5 Qxd5 3. d4 Nf6 4. Nc3 Qd6 5. Nf3 c6 6. h3 Bf5 7. Bc4 e6 8. 0-0 Be7 9. Re1 Nbd7 10. Ne2 Nb6 11. Bb3 0-0 12. Bf4 Qd8 13. Ng3 h6 14. Nxf5 exf5 15. c3 Re8 16. Qd3 Ne4 17. Bc2 Bd6 18. Ne5 Qh4 19. Bg3 Nxg3 20. fxg3 Qg5 21. Qxf5 Qxf5 22. Bxf5 Nd5 23. Kf2 Bxe5 24. Rxe5 Rxe5 25. dxe5 Re8 26. Re1 Kf8 27. Bd7 Re7 28. e6 Nf6 29. Bc8 Rc7 30. e7+ Ke8 31. Bf5 Nd5 32. Bc2 1/2-1/2